[Event "Teplice op 18th"]
[Site "Teplice"]
[Date "2025.06.19"]
[Round "6"]
[White "Povshednyi, Ivan"]
[Black "Novotny, Dominik"]
[Result "1/2-1/2"]
[WhiteElo "2309"]
[BlackElo "2123"]
[PlyCount "225"]
[EventDate "2025.06.14"]
[EventType "swiss"]
[EventRounds "9"]
[EventCountry "CZE"]
[SourceTitle "CB26_2025"]
[SourceDate "2025.06.25"]
[SourceVersion "1"]
[SourceVersionDate "2025.06.25"]
[SourceQuality "1"]

1. d4 d5 2. Nf3 e6 3. c4 a6 4. Bg5 Be7 5. Bxe7 Qxe7 6. Nbd2 Nf6 7. g3 dxc4 8. Bg2 b5 9. Rc1 Bb7 10. b3 Nbd7 11. bxc4 c5 12. 0-0 0-0 13. Nb3 bxc4 14. Na5 Bd5 15. Nxc4 Rac8 16. dxc5 Rxc5 17. Ne3 Ba8 18. Qa4 Qd6 19. Rb1 Rfc8 20. h3 Nd5 21. Nxd5 Bxd5 22. Rb2 Nf6 23. Qa3 R5c6 24. Qxd6 Rxd6 25. Ne5 Bxg2 26. Kxg2 Rd5 27. Rc1 Re8 28. Nd3 g6 29. Rc7 Ne4 30. Rb4 Nd6 31. a4 a5 32. Rb6 Rd8 33. Ra6 e5 34. Raa7 Kg7 35. Nc5 Rc8 36. Nb3 Rxc7 37. Rxc7 Kf6 38. Ra7 Nc4 39. Ra6+ Kg7 40. e4 Rd3 41. Nxa5 Nxa5 42. Rxa5 Ra3 43. Ra6 h5 44. Ra8 Kf6 45. h4 Ra1 46. Ra6+ Kg7 47. Ra5 Kf6 48. Ra8 Ra3 49. a5 Ra4 50. Kf3 Ra3+ 51. Ke2 Ra2+ 52. Ke3 Ra4 53. a6 Ke6 54. f4 exf4+ 55. gxf4 Ke7 56. a7 Kf6 57. Kd3 Ra3+ 58. Kc4 Ra1 59. Kc5 Ra2 60. Kb6 Rb2+ 61. Kc7 Ra2 62. Kd7 Ra4 63. Kc6 Ra2 64. Kd7 Ra4 65. e5+ Kg7 66. Kd6 Ra1 67. Ke7 Ra6 68. Kd7 Ra2 69. Kc6 Ra1 70. Kd5 Rd1+ 71. Ke4 Ra1 72. Ke3 Ra4 73. Kd3 Ra3+ 74. Kd4 Ra4+ 75. Kd5 Ra1 76. e6 fxe6+ 77. Kxe6 Re1+ 78. Kd6 Rd1+ 79. Kc6 Rc1+ 80. Kd5 Rd1+ 81. Ke4 Re1+ 82. Kf3 Rf1+ 83. Kg3 Rg1+ 84. Kf2 Ra1 85. Ke2 Ra2+ 86. Kd3 Ra3+ 87. Kc4 Ra1 88. Kc5 Rc1+ 89. Kd6 Rd1+ 90. Ke5 Re1+ 91. Kd4 Rd1+ 92. Kc3 Ra1 93. Kb2 Ra6 94. Kc3 Ra1 95. f5 gxf5 96. Kd4 Rd1+ 97. Ke5 Ra1 98. Kf4 Ra4+ 99. Kxf5 Ra5+ 100. Kf4 Ra4+ 101. Ke5 Ra1 102. Kf5 Ra5+ 103. Ke6 Ra1 104. Kd7 Rd1+ 105. Kc6 Rc1+ 106. Kb5 Rb1+ 107. Ka4 Ra1+ 108. Kb3 Ra6 109. Kc4 Ra1 110. Kd3 Ra3+ 111. Kc2 Ra1 112. Kb2 Ra6 113. Kb1 1/2-1/2

[Event "Pardubice rapid op 35th"]
[Site "Pardubice"]
[Date "2024.07.17"]
[Round "2"]
[White "Novotny, Dominik"]
[Black "Seger, Ruediger"]
[Result "0-1"]
[WhiteElo "1936"]
[BlackElo "2264"]
[PlyCount "54"]
[EventDate "2024.07.17"]
[EventType "swiss (rapid)"]
[EventRounds "9"]
[EventCountry "CZE"]
[SourceTitle "CBM 221 Extra"]
[Source "ChessBase"]
[SourceDate "2024.09.30"]
[SourceVersion "1"]
[SourceVersionDate "2024.09.30"]
[SourceQuality "1"]

1. e4 c6 2. d4 d5 3. f3 dxe4 4. fxe4 e5 5. Nf3 Bg4 6. Bc4 Nd7 7. 0-0 Ngf6 8. c3 Bd6 9. Bg5 0-0 10. Nbd2 Qc7 11. Qc2 h6 12. Bh4 Rae8 13. Rae1 b5 14. Bb3 c5 15. dxc5 Bxc5+ 16. Bf2 Bxf2+ 17. Rxf2 Nc5 18. Nh4 Rd8 19. h3 Bc8 20. Ref1 Rd6 21. Nf5 Bxf5 22. Rxf5 Rfd8 23. Nf3 Nd3 24. Kh2 g6 25. Rxe5 Nxe5 26. Nxe5 Rd2 27. Bxf7+ Kg7 0-1